000
00344nam a2200145Ia 4500
008
150201s2011 xx 000 0 und d
082
_a
610.7362
_b
P11S
100
_a
SINGH , MEHARBAN
245
_a
PEDIATRICS CLINICS METHODS
250
_a
4TH
260
_b
SAGAR PUB.
_a
DELHI
_c
2011
300
_a
404
650
_a
PEDIATRICS
942
_2
ddc
_c
BK
999
_c
1918
_d
1918